[Event "Tradewise Gibraltar Masters 14th"]
[Site "Gibraltar"]
[Date "2016.01.29"]
[Round "4.120"]
[White "Harding, Tim D"]
[Black "Christophe-Hayot, Romain"]
[Result "0-1"]
[WhiteElo "2006"]
[BlackElo "1824"]
[PlyCount "68"]
[EventDate "2016.01.26"]
[EventType "swiss"]
[EventRounds "10"]
[EventCountry "GGB"]
[Source "www.saund.co.uk"]
[SourceDate "2005.02.07"]

1. d4 f5 2. Nc3 d5 3. Bf4 Nf6 4. e3 g6 5. h4 Bg7 6. Nf3 c6 7. Ne5 Nbd7 8. Be2
Nxe5 9. Bxe5 Be6 10. h5 Kf7 11. h6 Bf8 12. Qd3 Rg8 13. f3 b5 14. O-O-O Qa5 15.
a3 a6 16. Kb1 Nd7 17. g4 Nxe5 18. dxe5 b4 19. axb4 Qxb4 20. Qd4 a5 21. Na4 Bc8
22. Nb6 Rb8 23. Nxc8 Rxc8 24. f4 Rb8 25. e6+ Kxe6 26. Qe5+ Kd7 27. gxf5 gxf5
28. Rd3 a4 29. Qxf5+ e6 30. Qxh7+ Be7 31. b3 Qa3 32. Bd1 Ra8 33. f5 axb3 34.
cxb3 Qa1+ 0-1

[Event "Tradewise Gibraltar Masters 14th"]
[Site "Gibraltar"]
[Date "2016.01.29"]
[Round "4.121"]
[White "Chidi, Lovinia Sylvia"]
[Black "Eagleton, Greg T"]
[Result "0-1"]
[WhiteElo "1780"]
[BlackElo "1981"]
[PlyCount "68"]
[EventDate "2016.01.26"]
[EventType "swiss"]
[EventRounds "10"]
[EventCountry "GGB"]
[Source "www.saund.co.uk"]
[SourceDate "2005.02.07"]

1. d4 Nf6 2. c4 c5 3. Nf3 g6 4. g3 Bg7 5. Bg2 O-O 6. O-O d6 7. Nc3 Nbd7 8. d5
a6 9. e4 b5 10. cxb5 axb5 11. Re1 b4 12. Nb1 Ng4 13. Nbd2 Nge5 14. Nxe5 Nxe5
15. Nf3 Nc4 16. Qc2 Na3 17. Qd1 Nc4 18. Qc2 Nb6 19. a3 Bd7 20. Bg5 h6 21. Be3
bxa3 22. Rxa3 Rxa3 23. bxa3 Qa8 24. Qc1 Kh7 25. h4 Qa4 26. Qb1 Nc4 27. Bc1 Bc3
28. Rf1 Bb5 29. h5 Nxa3 30. Bxa3 Bxf1 31. Qxf1 Qxa3 32. Qb5 Bf6 33. Nh4 Qc1+
34. Kh2 Bxh4 0-1

[Event "Tradewise Gibraltar Masters 14th"]
[Site "Gibraltar"]
[Date "2016.01.29"]
[Round "4.122"]
[White "Zachariassen, John"]
[Black "Magnusdottir, Veronika Steinun"]
[Result "1-0"]
[WhiteElo "1958"]
[BlackElo "1762"]
[PlyCount "135"]
[EventDate "2016.01.26"]
[EventType "swiss"]
[EventRounds "10"]
[EventCountry "GGB"]
[Source "www.saund.co.uk"]
[SourceDate "2005.02.07"]

1. c4 e6 2. Nf3 d5 3. g3 c6 4. Qc2 Bd6 5. d4 f5 6. Bg2 Nf6 7. O-O O-O 8. c5 Bc7
9. b4 a5 10. bxa5 Bxa5 11. Bb2 Na6 12. a3 Bd7 13. Nbd2 b6 14. Nb3 bxc5 15. dxc5
Ne4 16. Ne5 Be8 17. f3 Nexc5 18. Nd4 Qd6 19. f4 Bb6 20. Kh1 Rb8 21. Rab1 Ne4
22. Bxe4 fxe4 23. Rbd1 c5 24. Nb3 Ba4 25. Nc4 Qe7 26. Rb1 dxc4 27. Qxc4 Bc7 28.
Qxa4 Rb6 29. Qc4 Rfb8 30. Bc3 Kh8 31. e3 Bd6 32. Nd2 Rxb1 33. Rxb1 Rxb1+ 34.
Nxb1 Qb7 35. Nd2 Nc7 36. a4 Qa7 37. a5 Qb7 38. Kg1 h6 39. Nxe4 Qb1+ 40. Kf2
Qc2+ 41. Nd2 Kg8 42. Qb3 Qxb3 43. Nxb3 Nb5 44. Bb2 c4 45. Nd4 c3 46. Bc1 Nc7
47. Ke2 Bb4 48. Nc6 Bc5 49. Kd3 Nd5 50. e4 Nc7 51. Kxc3 Kf8 52. Kc4 Bg1 53. h3
Ke8 54. Bb2 Kd7 55. Ne5+ Ke7 56. Nf3 Bf2 57. g4 g6 58. Be5 Kd7 59. Nd4 Be1 60.
Bxc7 Kxc7 61. Nxe6+ Kd6 62. a6 Bf2 63. Nd4 Kc7 64. a7 Kb7 65. Nb5 Bg3 66. f5 h5
67. Kd5 hxg4 68. hxg4 1-0

[Event "Tradewise Gibraltar Masters 14th"]
[Site "Gibraltar"]
[Date "2016.01.29"]
[Round "4.123"]
[White "Lafortune, Emerick"]
[Black "Savage, Neil"]
[Result "1-0"]
[WhiteElo "1923"]
[BlackElo "1689"]
[PlyCount "53"]
[EventDate "2016.01.26"]
[EventType "swiss"]
[EventRounds "10"]
[EventCountry "GGB"]
[Source "www.saund.co.uk"]
[SourceDate "2005.02.07"]

1. e4 c5 2. Nf3 Nc6 3. d4 cxd4 4. Nxd4 e5 5. Nb5 d6 6. c4 Be7 7. N1c3 a6 8. Na3
f5 9. g3 Nf6 10. Bg2 O-O 11. O-O Kh8 12. Nc2 fxe4 13. Nxe4 Be6 14. Ne3 Rc8 15.
b3 b5 16. cxb5 axb5 17. Bb2 Qd7 18. Ng5 Rfd8 19. Qd3 Nb4 20. Qd2 Nc6 21. Nd5
Nxd5 22. Nxe6 Qxe6 23. Bxd5 Qg4 24. f4 Nb4 25. Qxb4 Qe2 26. Rf2 Qd3 27. Qe4 1-0

[Event "Tradewise Gibraltar Masters 14th"]
[Site "Gibraltar"]
[Date "2016.01.29"]
[Round "4.124"]
[White "Beadle, John R"]
[Black "Boron, Anthony"]
[Result "0-1"]
[WhiteElo "1560"]
[BlackElo "1915"]
[PlyCount "36"]
[EventDate "2016.01.26"]
[EventType "swiss"]
[EventRounds "10"]
[EventCountry "GGB"]
[Source "www.saund.co.uk"]
[SourceDate "2005.02.07"]

1. e4 c5 2. Nf3 e6 3. d4 cxd4 4. Nxd4 Nf6 5. Nc3 Nc6 6. Ndb5 Bb4 7. Nd6+ Ke7 8.
Nxc8+ Rxc8 9. Bd2 d5 10. exd5 Nxd5 11. Nxd5+ Qxd5 12. c3 Bc5 13. Qb3 Bxf2+ 14.
Kxf2 Qxd2+ 15. Be2 Rc7 16. Rhf1 Rd8 17. g3 Rd5 18. Qd1 Qh6 0-1

[Event "Tradewise Gibraltar Masters 14th"]
[Site "Gibraltar"]
[Date "2016.01.29"]
[Round "4.126"]
[White "Winter, Kevin"]
[Black "Joachim, Rodny"]
[Result "1/2-1/2"]
[WhiteElo "1825"]
[BlackElo "1659"]
[PlyCount "79"]
[EventDate "2016.01.26"]
[EventType "swiss"]
[EventRounds "10"]
[EventCountry "GGB"]
[Source "www.saund.co.uk"]
[SourceDate "2005.02.07"]

1. e4 e5 2. Nf3 Nc6 3. Bc4 Nf6 4. d3 Bc5 5. c3 d6 6. Bb3 O-O 7. Bg5 h6 8. Bh4
g5 9. Bg3 Nh5 10. Nbd2 a5 11. a4 Qf6 12. Qe2 Be6 13. Bc2 Nf4 14. Bxf4 Qxf4 15.
O-O-O g4 16. Nh4 Qxf2 17. Qxf2 Bxf2 18. Nf5 Bxf5 19. exf5 Be3 20. Kb1 Bxd2 21.
Rxd2 Kg7 22. h3 gxh3 23. Rxh3 f6 24. g4 d5 25. Rdh2 h5 26. Bd1 h4 27. Rxh4 Rh8
28. Kc2 Rxh4 29. Rxh4 Ne7 30. Bf3 c5 31. Rh2 Rb8 32. Be2 b6 33. Bf3 Rd8 34. b3
d4 35. c4 Nc8 36. Bd5 Rh8 37. Rg2 Ne7 38. Be4 Rh3 39. Kd2 Re3 40. Rg1 1/2-1/2

[Event "Tradewise Gibraltar Masters 14th"]
[Site "Gibraltar"]
[Date "2016.01.30"]
[Round "5.1"]
[White "Bacrot, Etienne"]
[Black "Ragger, Markus"]
[Result "1/2-1/2"]
[WhiteElo "2697"]
[BlackElo "2689"]
[PlyCount "39"]
[EventDate "2016.01.26"]
[EventType "swiss"]
[EventRounds "10"]
[EventCountry "GGB"]
[Source "www.saund.co.uk"]
[SourceDate "2005.02.07"]

1. e4 c5 2. Nf3 d6 3. Bb5+ Nd7 4. O-O a6 5. Bd3 Ngf6 6. Re1 e6 7. c3 b5 8. Bc2
c4 9. a4 Bb7 10. d4 cxd3 11. Bxd3 bxa4 12. Qxa4 Be7 13. h3 O-O 14. Be3 Qc7 15.
Nbd2 a5 16. Qc4 Qb8 17. Qb5 Qc7 18. Qc4 Qb8 19. Qb5 Qc7 20. Qc4 1/2-1/2

[Event "Tradewise Gibraltar Masters 14th"]
[Site "Gibraltar"]
[Date "2016.01.30"]
[Round "5.2"]
[White "Grandelius, Nils"]
[Black "Vachier-Lagrave, Maxime"]
[Result "1/2-1/2"]
[WhiteElo "2635"]
[BlackElo "2785"]
[PlyCount "85"]
[EventDate "2016.01.26"]
[EventType "swiss"]
[EventRounds "10"]
[EventCountry "GGB"]
[Source "www.saund.co.uk"]
[SourceDate "2005.02.07"]

1. e4 c5 2. Nf3 d6 3. d4 cxd4 4. Nxd4 Nf6 5. Nc3 a6 6. Bc4 e6 7. Bb3 Nbd7 8.
O-O Nc5 9. Bg5 Be7 10. Re1 h6 11. Bh4 Nxb3 12. axb3 g5 13. Bg3 e5 14. Nf5 Nxe4
15. Nxd6+ Qxd6 16. Nxe4 Qxd1 17. Rexd1 f6 18. Nd6+ Bxd6 19. Rxd6 Ke7 20. Rad1
Bf5 21. c3 Rhd8 22. Rxd8 Rxd8 23. Rxd8 Kxd8 24. f3 Kd7 25. Bf2 Bc2 26. b4 Ke6
27. b5 a5 28. Bb6 a4 29. Bc5 h5 30. h3 f5 31. b6 e4 32. Kf2 Bd3 33. Bf8 f4 34.
fxe4 Bxe4 35. Bh6 Kf5 36. Bf8 g4 37. hxg4+ hxg4 38. g3 f3 39. c4 Bd3 40. c5 Be4
41. Bg7 Bc6 42. Bf8 Ke4 43. Be7 1/2-1/2

[Event "Tradewise Gibraltar Masters 14th"]
[Site "Gibraltar"]
[Date "2016.01.30"]
[Round "5.3"]
[White "Sethuraman, S.P."]
[Black "Harikrishna, Pentala"]
[Result "0-1"]
[WhiteElo "2639"]
[BlackElo "2755"]
[PlyCount "112"]
[EventDate "2016.01.26"]
[EventType "swiss"]
[EventRounds "10"]
[EventCountry "GGB"]
[Source "www.saund.co.uk"]
[SourceDate "2005.02.07"]

1. c4 e5 2. Nc3 Nf6 3. g3 Bb4 4. Bg2 O-O 5. e4 Bxc3 6. bxc3 c6 7. Qb3 Na6 8.
Ba3 d6 9. Ne2 Rb8 10. O-O Re8 11. Rad1 Bg4 12. Rfe1 Nc5 13. Qc2 Qa5 14. Bb4 Qa6
15. f3 Be6 16. d4 b6 17. f4 Ng4 18. Nc1 Nb7 19. d5 Bd7 20. dxc6 Bxc6 21. Qe2
Nf6 22. Bxd6 Nxd6 23. Rxd6 Qc8 24. fxe5 Rxe5 25. Nd3 Re7 26. e5 Bxg2 27. Qxg2
Ne8 28. Rd4 Qb7 29. Qd2 Nc7 30. Nb4 Rbe8 31. Rd8 Ne6 32. Rd6 Nf8 33. Qd5 Qc8
34. Nc6 Rc7 35. a4 Ne6 36. Rf1 h6 37. h4 Nc5 38. Nd8 Ne6 39. Nc6 Nc5 40. Kg2
Nxa4 41. Rxf7 Rxf7 42. e6 Rf6 43. e7+ Kh8 44. Rd8 Rxc6 45. Rxc8 Rcxc8 46. Qf7
Nxc3 47. g4 Ne4 48. g5 hxg5 49. Qf5 Nd6 50. Qe6 Rc7 51. Qxd6 Rcxe7 52. hxg5 Kh7
53. Qd3+ Re4 54. Qd7 R8e5 55. Qxa7 Rxg5+ 56. Kf3 Re6 0-1

[Event "Tradewise Gibraltar Masters 14th"]
[Site "Gibraltar"]
[Date "2016.01.30"]
[Round "5.4"]
[White "Jones, Gawain C B"]
[Black "Wojtaszek, Radoslaw"]
[Result "1/2-1/2"]
[WhiteElo "2625"]
[BlackElo "2727"]
[PlyCount "63"]
[EventDate "2016.01.26"]
[EventType "swiss"]
[EventRounds "10"]
[EventCountry "GGB"]
[Source "www.saund.co.uk"]
[SourceDate "2005.02.07"]

1. c4 e6 2. Nc3 d5 3. d4 Bb4 4. e3 Nf6 5. a3 Bxc3+ 6. bxc3 O-O 7. cxd5 exd5 8.
Bd3 b6 9. Ne2 Ba6 10. Bxa6 Nxa6 11. O-O c5 12. f3 Nc7 13. Ng3 Re8 14. Ra2 Nb5
15. Qd3 Nd6 16. Re2 Qd7 17. e4 Qb5 18. Qxb5 Nxb5 19. Bb2 Nd6 20. e5 Nc4 21.
exf6 Rxe2 22. Nxe2 Nxb2 23. dxc5 bxc5 24. Nf4 d4 25. cxd4 cxd4 26. Rb1 Nc4 27.
Rb4 Nxa3 28. Rxd4 Nb5 29. Rb4 Nc7 30. Rc4 Ne8 31. fxg7 Kxg7 32. Nd5 1/2-1/2

[Event "Tradewise Gibraltar Masters 14th"]
[Site "Gibraltar"]
[Date "2016.01.30"]
[Round "5.5"]
[White "Rapport, Richard"]
[Black "Edouard, Romain"]
[Result "1/2-1/2"]
[WhiteElo "2721"]
[BlackElo "2617"]
[PlyCount "100"]
[EventDate "2016.01.26"]
[EventType "swiss"]
[EventRounds "10"]
[EventCountry "GGB"]
[Source "www.saund.co.uk"]
[SourceDate "2005.02.07"]

1. e4 c5 2. Nc3 d6 3. f4 g6 4. d4 cxd4 5. Qxd4 Nf6 6. Bd3 Bg7 7. Nf3 O-O 8. Qf2
a6 9. O-O b5 10. Qh4 b4 11. Nd5 e6 12. Nxf6+ Qxf6 13. Qh3 Nc6 14. Kh1 Qe7 15.
f5 exf5 16. exf5 Ne5 17. Bg5 f6 18. Nxe5 dxe5 19. Bd2 e4 20. Bc4+ Kh8 21. Qb3
Bxf5 22. Bxb4 Qe5 23. Bxf8 Bxf8 24. Qg3 Qxb2 25. Bb3 Re8 26. Rad1 Bb4 27. a3 e3
28. Ba4 e2 29. Bxe8 Bxc2 30. Rde1 exf1=Q+ 31. Rxf1 Bxa3 32. h4 Be4 33. Qf2 Qxf2
34. Rxf2 Be7 35. Ra2 Bd3 36. Rd2 Bb5 37. Bxb5 axb5 38. Rd7 Bc5 39. g4 Bf2 40.
h5 Be3 41. Kg2 b4 42. Kf3 Bg5 43. Ke4 b3 44. Kd3 b2 45. Kc2 Bc1 46. Rf7 gxh5
47. gxh5 f5 48. Rb7 f4 49. h6 Kg8 50. Rg7+ Kh8 1/2-1/2

[Event "Tradewise Gibraltar Masters 14th"]
[Site "Gibraltar"]
[Date "2016.01.30"]
[Round "5.6"]
[White "Gupta, Abhijeet"]
[Black "Almasi, Zoltan"]
[Result "1-0"]
[WhiteElo "2613"]
[BlackElo "2684"]
[PlyCount "169"]
[EventDate "2016.01.26"]
[EventType "swiss"]
[EventRounds "10"]
[EventCountry "GGB"]
[Source "www.saund.co.uk"]
[SourceDate "2005.02.07"]

1. d4 Nf6 2. c4 e6 3. Nc3 Bb4 4. e3 O-O 5. Nge2 d5 6. a3 Be7 7. cxd5 exd5 8.
Nf4 Re8 9. Bd3 c6 10. O-O Nbd7 11. f3 Nf8 12. Bd2 Ng6 13. Nfe2 c5 14. Rc1 b6
15. Be1 Bf8 16. Bf2 Bb7 17. Qd2 Qd7 18. g4 cxd4 19. exd4 a6 20. Bf5 Qd8 21. h4
Bd6 22. h5 Nf8 23. Nf4 h6 24. Bh4 Qb8 25. Nd3 N8h7 26. Rfe1 Rxe1+ 27. Rxe1 Qc7
28. Kg2 Rf8 29. Nb4 Qb8 30. Qd3 Qa8 31. Nc2 Ng5 32. Qd2 Ngh7 33. Re2 Qb8 34.
Re1 Bf4 35. Qd3 Ng5 36. Ne2 Bd6 37. Bxg5 hxg5 38. Qd2 Nh7 39. Bxh7+ Kxh7 40.
Qxg5 Qd8 41. Qxd8 Rxd8 42. Nc3 Rc8 43. Kf2 a5 44. Re2 Ba6 45. Rd2 Bf4 46. Ne3
Bb7 47. Re2 Rd8 48. Nf5 Bc8 49. Ne3 Be6 50. Rc2 Rc8 51. Ncd1 Rb8 52. Ng2 Bg5
53. Kg3 Bf6 54. Rd2 b5 55. Nf4 b4 56. a4 Bd7 57. b3 Be7 58. Nxd5 Bd6+ 59. Kf2
Be6 60. N1e3 Rd8 61. Rd3 Rb8 62. Nc4 Bxd5 63. Nxd6 Rb6 64. Ne4 f6 65. Nc5 Kg8
66. Kg3 Kf7 67. f4 Rb8 68. Re3 Rd8 69. g5 fxg5 70. fxg5 Ba8 71. Rd3 Bd5 72. Kf4
Bc6 73. Rd2 Rd5 74. Ne4 Rd8 75. Rd3 Ke6 76. Ng3 Rf8+ 77. Kg4 Kd5 78. g6 Bb7 79.
Kg5 Ba6 80. Re3 Kxd4 81. Re7 Kc3 82. Rxg7 Kxb3 83. h6 Ka3 84. h7 Bc4 85. Rc7
1-0

[Event "Tradewise Gibraltar Masters 14th"]
[Site "Gibraltar"]
[Date "2016.01.30"]
[Round "5.7"]
[White "Harika, Dronavalli"]
[Black "Bruzon Batista, Lazaro"]
[Result "1/2-1/2"]
[WhiteElo "2511"]
[BlackElo "2666"]
[PlyCount "30"]
[EventDate "2016.01.26"]
[EventType "swiss"]
[EventRounds "10"]
[EventCountry "GGB"]
[Source "www.saund.co.uk"]
[SourceDate "2005.02.07"]

1. d4 Nf6 2. c4 e6 3. g3 d5 4. Nf3 Bb4+ 5. Bd2 Be7 6. Bg2 O-O 7. O-O Nbd7 8.
Qc2 c6 9. Bf4 b6 10. Rd1 Bb7 11. Ne5 Nh5 12. Bd2 Nhf6 13. Bf4 Nh5 14. Bd2 Nhf6
15. Bf4 Nh5 1/2-1/2

[Event "Tradewise Gibraltar Masters 14th"]
[Site "Gibraltar"]
[Date "2016.01.30"]
[Round "5.10"]
[White "Li Chao B"]
[Black "Stefanova, Antoaneta"]
[Result "1/2-1/2"]
[WhiteElo "2751"]
[BlackElo "2515"]
[PlyCount "125"]
[EventDate "2016.01.26"]
[EventType "swiss"]
[EventRounds "10"]
[EventCountry "GGB"]
[Source "www.saund.co.uk"]
[SourceDate "2005.02.07"]

1. d4 d5 2. c4 c6 3. Nf3 Nf6 4. Nc3 a6 5. c5 Bf5 6. Qb3 Qc8 7. Nh4 Be6 8. Bf4
h6 9. Bg3 g5 10. Nf3 Ne4 11. Na4 Nd7 12. Ne5 Nxg3 13. Qxg3 Qb8 14. Nxd7 Bxd7
15. e3 Qxg3 16. hxg3 O-O-O 17. Bd3 Bg7 18. f4 Bg4 19. Nc3 f6 20. Be2 Bd7 21.
Bh5 e5 22. Kd2 Bf5 23. Bf3 exd4 24. exd4 Be4 25. Bxe4 dxe4 26. Nxe4 Rxd4+ 27.
Ke3 Rd5 28. Nd6+ Kc7 29. b4 b6 30. Rab1 Rd8 31. Kf3 bxc5 32. bxc5 Rxc5 33. Rb7+
Kxd6 34. Rxg7 gxf4 35. Rxh6 Rc3+ 36. Ke4 Rxg3 37. Rf7 Kc5 38. Rfxf6 Rc8 39.
Rf5+ Kb6 40. a4 Ra3 41. Kxf4 Rxa4+ 42. Ke3 Rg8 43. Rf1 Rg3+ 44. Kf2 Rf4+ 45.
Kg1 Rxf1+ 46. Kxf1 a5 47. Ke2 Rxg2+ 48. Kd3 Kb5 49. Kc3 Rg3+ 50. Kb2 a4 51. Rh8
Rb3+ 52. Kc2 Kb4 53. Rb8+ Ka3 54. Rc8 Rb6 55. Kc3 Ka2 56. Kc2 a3 57. Rc7 Rb2+
58. Kc1 Rb1+ 59. Kc2 Rb6 60. Rc8 Rb2+ 61. Kc1 Rb1+ 62. Kc2 Rb6 63. Rc7 1/2-1/2

[Event "Tradewise Gibraltar Masters 14th"]
[Site "Gibraltar"]
[Date "2016.01.30"]
[Round "5.11"]
[White "Muzychuk, Anna"]
[Black "Yu Yangyi"]
[Result "0-1"]
[WhiteElo "2537"]
[BlackElo "2747"]
[PlyCount "122"]
[EventDate "2016.01.26"]
[EventType "swiss"]
[EventRounds "10"]
[EventCountry "GGB"]
[Source "www.saund.co.uk"]
[SourceDate "2005.02.07"]

1. e4 c5 2. Nf3 d6 3. Bb5+ Nd7 4. O-O Ngf6 5. Re1 a6 6. Bf1 b6 7. d4 cxd4 8.
Nxd4 Bb7 9. f3 e6 10. c4 Be7 11. Nc3 O-O 12. Be3 Rc8 13. Rc1 Ne5 14. b3 Qc7 15.
Qd2 Qb8 16. Kh1 Ba8 17. Qf2 Rfe8 18. Na4 Nfd7 19. Nc3 Rc7 20. Qd2 Rec8 21. Bg1
Ng6 22. Bd3 Bf6 23. Be3 Re8 24. Bf1 h6 25. Red1 Rec8 26. Re1 Rc5 27. Nde2 R5c6
28. Nd4 R6c7 29. Red1 Be7 30. Re1 Re8 31. Red1 Bf8 32. Re1 Nf6 33. Bg1 h5 34.
Na4 Nd7 35. Bf2 h4 36. Kg1 Be7 37. Be3 Bf6 38. Qf2 Be5 39. Nc3 Nf6 40. Qd2 Rd7
41. f4 Ng4 42. g3 Bf6 43. f5 exf5 44. Nxf5 hxg3 45. hxg3 Nxe3 46. Qxe3 Ne7 47.
Bh3 Nxf5 48. Bxf5 Rde7 49. Nd5 Bxd5 50. cxd5 g6 51. Bh3 Rxe4 52. Qd2 Kg7 53.
Rxe4 Rxe4 54. Re1 Rd4 55. Qf2 Rxd5 56. Qf3 Rc5 57. Rf1 Qd8 58. Qb7 Rc2 59. Rf4
Qe8 60. Re4 Qb5 61. Be6 Qc5+ 0-1

[Event "Tradewise Gibraltar Masters 14th"]
[Site "Gibraltar"]
[Date "2016.01.30"]
[Round "5.12"]
[White "Gopal, Geetha Narayanan"]
[Black "Fressinet, Laurent"]
[Result "1/2-1/2"]
[WhiteElo "2525"]
[BlackElo "2700"]
[PlyCount "145"]
[EventDate "2016.01.26"]
[EventType "swiss"]
[EventRounds "10"]
[EventCountry "GGB"]
[Source "www.saund.co.uk"]
[SourceDate "2005.02.07"]

1. e4 e5 2. Nf3 Nc6 3. Bb5 Nf6 4. O-O Nxe4 5. Re1 Nd6 6. Nxe5 Be7 7. Bf1 Nf5 8.
Nf3 O-O 9. d4 d5 10. c3 Bd6 11. Bd3 h6 12. Nbd2 Qf6 13. Nf1 Be6 14. Bc2 Nce7
15. Ng3 Nxg3 16. hxg3 Bf5 17. Bf4 Bxf4 18. gxf4 Rfe8 19. Bxf5 Nxf5 20. g3 Rxe1+
21. Qxe1 Qb6 22. Qe2 Nd6 23. Re1 Re8 24. Qc2 Rxe1+ 25. Nxe1 Nc4 26. Nd3 Qg6 27.
Qd1 Qf5 28. Ne5 Nd6 29. Kg2 h5 30. Qd3 Qe4+ 31. Qf3 a5 32. a4 f6 33. Nd3 Nc4
34. b4 axb4 35. Nxb4 c6 36. Qxe4 dxe4 37. Kf1 Kf7 38. Ke2 g5 39. fxg5 fxg5 40.
f3 exf3+ 41. Kxf3 Ke6 42. g4 h4 43. Nd3 Kd5 44. Nc5 b6 45. Ne4 Nb2 46. Nxg5
Nxa4 47. Ne4 h3 48. g5 h2 49. Kg2 Ke6 50. Kxh2 Kf5 51. Kg3 b5 52. Kh4 Nb6 53.
Ng3+ Kg6 54. Kg4 Nd5 55. Ne4 b4 56. cxb4 Nxb4 57. Nd2 Nd3 58. Nf3 Nf2+ 59. Kf4
Nd3+ 60. Ke4 Nb4 61. Ke5 Nd3+ 62. Kd6 Nb4 63. Ke6 Nc2 64. Ke5 Nb4 65. Kd6 Nc2
66. Kc5 Kf5 67. Kc4 Ne3+ 68. Kc5 Nc2 69. Kc4 Ne3+ 70. Kd3 Nd5 71. Ke2 Nf4+ 72.
Ke3 Ne6 73. Ne5 1/2-1/2

[Event "Tradewise Gibraltar Masters 14th"]
[Site "Gibraltar"]
[Date "2016.01.30"]
[Round "5.13"]
[White "Vishnu, Prasanna. V"]
[Black "Ni Hua"]
[Result "0-1"]
[WhiteElo "2518"]
[BlackElo "2697"]
[PlyCount "126"]
[EventDate "2016.01.26"]
[EventType "swiss"]
[EventRounds "10"]
[EventCountry "GGB"]
[Source "www.saund.co.uk"]
[SourceDate "2005.02.07"]

1. d4 Nf6 2. c4 e6 3. Nf3 d5 4. Nc3 Nbd7 5. Qc2 Be7 6. Bf4 O-O 7. cxd5 exd5 8.
e3 c6 9. Bd3 Re8 10. h3 Nf8 11. O-O-O Bb4 12. Kb1 Ng6 13. Bh2 Qa5 14. Rc1 Ne4
15. Bxe4 dxe4 16. Nd2 Bxc3 17. bxc3 Qf5 18. Nc4 Qb5+ 19. Qb3 Qg5 20. Nd6 Be6
21. Qa3 Re7 22. g4 b5 23. Ka1 Bd5 24. Qc5 Qf6 25. Bg3 Qe6 26. c4 bxc4 27. Nxc4
Rb7 28. Nd6 Rb6 29. Rc2 Ra6 30. a3 Nf8 31. Nf5 Nd7 32. Qd6 Re8 33. Rc3 Nb6 34.
Qxe6 fxe6 35. Nd6 Na4 36. Rcc1 Rb8 37. Rb1 Nb6 38. Kb2 Nc4+ 39. Kc1 Rxb1+ 40.
Kxb1 Rb6+ 41. Kc2 Nxa3+ 42. Kd2 Rb2+ 43. Kc3 Rb3+ 44. Kd2 a5 45. Rc1 Rb2+ 46.
Kd1 Nc2 47. Nc8 Nb4 48. Ne7+ Kf7 49. Nxd5 exd5 50. Rc5 Ra2 51. Bc7 a4 52. Ba5
Nd3 53. Rxc6 Rxf2 54. Rc7+ Kg6 55. h4 a3 56. Rc6+ Kf7 57. Rc7+ Ke6 58. Rc6+ Kd7
59. Rc7+ Ke6 60. Rc6+ Kd7 61. Rc7+ Kd6 62. Rxg7 a2 63. Bc3 Nb2+ 0-1

[Event "Tradewise Gibraltar Masters 14th"]
[Site "Gibraltar"]
[Date "2016.01.30"]
[Round "5.14"]
[White "Howell, David"]
[Black "Bai, Jinshi"]
[Result "1/2-1/2"]
[WhiteElo "2685"]
[BlackElo "2507"]
[PlyCount "198"]
[EventDate "2016.01.26"]
[EventType "swiss"]
[EventRounds "10"]
[EventCountry "GGB"]
[Source "www.saund.co.uk"]
[SourceDate "2005.02.07"]

1. d4 Nf6 2. Nf3 g6 3. Bg5 Bg7 4. Nbd2 d5 5. e3 O-O 6. Be2 Nbd7 7. h3 Re8 8.
Bf4 Ne4 9. O-O Nxd2 10. Qxd2 c6 11. Rfd1 e5 12. dxe5 Qe7 13. c4 dxc4 14. Qc3 b5
15. b3 c5 16. Qa5 Nxe5 17. Bxe5 Bxe5 18. Nxe5 Qxe5 19. Qxb5 cxb3 20. axb3 Rb8
21. Qa4 Be6 22. Bc4 Re7 23. Qa5 Kg7 24. Bxe6 Rxe6 25. Rac1 Rd6 26. Rxd6 Qxd6
27. Qa1+ Kg8 28. Qxa7 Rxb3 29. Qxc5 Qxc5 30. Rxc5 h5 31. g4 hxg4 32. hxg4 Kf8
33. Kg2 Ke7 34. Kg3 Rb2 35. f3 Rb4 36. g5 Ra4 37. Rb5 Ke6 38. Rb6+ Ke7 39. Rb7+
Ke6 40. Rb6+ Ke7 41. Rc6 Ra3 42. Kf4 Ra4+ 43. Kg3 Ra3 44. Kf4 Ra4+ 45. e4 Ra3
46. Rf6 Ra4 47. Rb6 Ra3 48. Kg4 Ra4 49. Kg3 Ra5 50. Kg4 Ra4 51. Rb3 Ra5 52. f4
Ra4 53. Kf3 Kf8 54. Ke3 Kg7 55. Rc3 Rb4 56. Ra3 Rc4 57. Rb3 Ra4 58. Kd3 Ra1 59.
Kd4 Rf1 60. Ke5 Re1 61. Ra3 Re2 62. Ra4 Re1 63. Kd6 Rf1 64. e5 Kf8 65. Ra8+ Kg7
66. Ra4 Kf8 67. Ra8+ Kg7 68. e6 fxe6 69. Ra7+ Kg8 70. Ke5 Rf2 71. Re7 Rf1 72.
Rd7 Rf2 73. Rc7 Rf1 74. Rb7 Rf2 75. Rb8+ Kf7 76. Rb7+ Kg8 77. Rc7 Rf1 78. Rd7
Rf2 79. Ra7 Rf1 80. Re7 Rf2 81. Kf6 Rxf4+ 82. Kxg6 Rf8 83. Rg7+ Kh8 84. Re7 Kg8
85. Rxe6 Ra8 86. Kh6 Rb8 87. Ra6 Rc8 88. Ra7 Rc6+ 89. g6 Rc8 90. Rg7+ Kh8 91.
Rb7 Kg8 92. Rb6 Rf8 93. Re6 Rc8 94. Rf6 Rc1 95. Rf2 Rh1+ 96. Kg5 Kg7 97. Rf7+
Kg8 98. Rh7 Rxh7 99. gxh7+ Kxh7 1/2-1/2

[Event "Tradewise Gibraltar Masters 14th"]
[Site "Gibraltar"]
[Date "2016.01.30"]
[Round "5.15"]
[White "Kamsky, Gata"]
[Black "Goryachkina, Aleksandra"]
[Result "1/2-1/2"]
[WhiteElo "2665"]
[BlackElo "2502"]
[PlyCount "61"]
[EventDate "2016.01.26"]
[EventType "swiss"]
[EventRounds "10"]
[EventCountry "GGB"]
[Source "www.saund.co.uk"]
[SourceDate "2005.02.07"]

1. d4 d5 2. Bf4 Nf6 3. e3 e6 4. Nd2 c5 5. c3 Nc6 6. Ngf3 Bd6 7. Bg3 O-O 8. Bd3
b6 9. e4 Be7 10. e5 Nh5 11. Qe2 Bd7 12. a3 a5 13. O-O c4 14. Bc2 b5 15. Rfe1
Nxg3 16. hxg3 b4 17. axb4 axb4 18. Nh2 Rxa1 19. Rxa1 b3 20. Bb1 Qb6 21. Ng4 Rb8
22. Kh2 Nxd4 23. cxd4 Qxd4 24. f4 Qxb2 25. Ra7 Rd8 26. Nh6+ gxh6 27. Qg4+ Kh8
28. Qh5 Kg7 29. Qg4+ Kh8 30. Qh5 Kg7 31. Qg4+ 1/2-1/2

[Event "Tradewise Gibraltar Masters 14th"]
[Site "Gibraltar"]
[Date "2016.01.30"]
[Round "5.16"]
[White "Gledura, Benjamin"]
[Black "Duda, Jan-Krzysztof"]
[Result "1/2-1/2"]
[WhiteElo "2515"]
[BlackElo "2660"]
[PlyCount "71"]
[EventDate "2016.01.26"]
[EventType "swiss"]
[EventRounds "10"]
[EventCountry "GGB"]
[Source "www.saund.co.uk"]
[SourceDate "2005.02.07"]

1. d4 Nf6 2. c4 e6 3. Nf3 d5 4. g3 Bb4+ 5. Bd2 Be7 6. Bg2 O-O 7. O-O Nbd7 8.
Qc2 Ne4 9. Bf4 c6 10. Nc3 g5 11. Bc1 f5 12. Nxe4 dxe4 13. Nd2 Bf6 14. Nb3 a5
15. a4 Bg7 16. Bd2 h6 17. Rad1 Qc7 18. Bc3 Nf6 19. f3 exf3 20. exf3 b5 21. axb5
cxb5 22. cxb5 Nd5 23. Nc5 f4 24. Qe4 Kh8 25. g4 Rb8 26. Rfe1 Ne3 27. Bf1 Nxd1
28. Bd3 Bf6 29. Rxd1 Bb7 30. Qg6 Qg7 31. Qxg7+ Bxg7 32. Kf2 Rfe8 33. Be2 Bd5
34. Bxa5 Rec8 35. Bc3 Ra8 36. Nd7 1/2-1/2